[Event "BCF-ch U12 rapid"]
[Site "Hull"]
[Date "2024.07.27"]
[Round "8"]
[White "Leatham, Bertie"]
[Black "Poliakov, Andrii"]
[Result "0-1"]
[WhiteElo "1296"]
[BlackElo "1606"]
[PlyCount "89"]
[EventDate "2024.07.26"]
[EventType "swiss (rapid)"]
[EventRounds "9"]
[EventCountry "ENG"]
[SourceTitle "CBM 221 Extra"]
[Source "ChessBase"]
[SourceDate "2024.09.30"]
[SourceVersion "1"]
[SourceVersionDate "2024.09.30"]
[SourceQuality "1"]

1. e4 e5 2. Nf3 Nc6 3. Bc4 Bc5 4. c3 d6 5. d4 exd4 6. cxd4 Bb4+ 7. Nc3 Bg4 8. h3 Bh5 9. 0-0 Nge7 10. a3 Bxc3 11. bxc3 0-0 12. Bg5 h6 13. Bh4 Qd7 14. Qd3 Bg6 15. Bb5 a6 16. Ba4 b5 17. Bb3 d5 18. Nd2 dxe4 19. Nxe4 Nf5 20. Bg3 Nxg3 21. fxg3 Rae8 22. Rae1 Ne5 23. Qe2 Nc4 24. Bxc4 Rxe4 25. Bxf7+ Rxf7 26. Qa2 Rxe1 27. Rxe1 Kh7 28. Qd2 Qd6 29. Qe3 Qxa3 30. g4 Qd6 31. g5 hxg5 32. Qxg5 Qf6 33. Qxf6 Rxf6 34. Re7 Rc6 35. Re3 a5 36. Kf2 a4 37. Ke2 a3 38. Kd2 b4 39. cxb4 Rc2+ 40. Kd1 a2 41. Ra3 Rxg2 42. Kc1 Bf7 43. b5 Rg1+ 44. Kb2 Rb1+ 45. Kc2 0-1

[Event "BCF-ch U12 rapid"]
[Site "Hull"]
[Date "2024.07.26"]
[Round "3"]
[White "Leatham, Bertie"]
[Black "Misra, Anay"]
[Result "1/2-1/2"]
[WhiteElo "1296"]
[BlackElo "1579"]
[PlyCount "125"]
[EventDate "2024.07.26"]
[EventType "swiss (rapid)"]
[EventRounds "9"]
[EventCountry "ENG"]
[SourceTitle "CBM 221 Extra"]
[Source "ChessBase"]
[SourceDate "2024.09.30"]
[SourceVersion "1"]
[SourceVersionDate "2024.09.30"]
[SourceQuality "1"]

1. e4 d5 2. exd5 Nf6 3. Nc3 Nxd5 4. Nxd5 Qxd5 5. Nf3 Bg4 6. Be2 Nc6 7. 0-0 e5 8. h3 Bh5 9. d3 Bc5 10. Bg5 0-0 11. Nh2 Bxe2 12. Qxe2 Nd4 13. Qd2 f6 14. Be3 Ne6 15. Bxc5 Qxc5 16. Rfe1 Nf4 17. Nf3 Qc6 18. d4 exd4 19. Qxd4 Nxh3+ 20. gxh3 Qxf3 21. Qd3 Qxd3 22. cxd3 Rad8 23. Re3 Rfe8 24. Rae1 Rxe3 25. Rxe3 Kf7 26. Kg2 Rd6 27. Kf3 Rb6 28. Re2 Ra6 29. a3 Rd6 30. Rd2 c5 31. Ke4 c4 32. d4 b5 33. d5 Ke7 34. Kd4 Rd7 35. Kc5 a6 36. Kc6 Rd6+ 37. Kc5 Kd7 38. Re2 g5 39. Re3 h5 40. f3 f5 41. Re5 Rf6 42. d6 Rxd6 43. Rxf5 Rg6 44. Kd5 g4 45. fxg4 hxg4 46. hxg4 Rxg4 47. Rf7+ Kc8 48. Ra7 Rg6 49. Kc5 Rg2 50. Rxa6 Rxb2 51. a4 c3 52. Rc6+ Kb7 53. axb5 Rb1 54. Kd4 Rxb5 55. Rxc3 Kb6 56. Kc4 Rc5+ 57. Kd3 Rh5 58. Rb3+ Kc5 59. Rc3+ Kd5 60. Kd2 Kd4 61. Ra3 Rh2+ 62. Ke1 Ke4 63. Rb3 1/2-1/2